MARC

LEADER 00000nab a2200000 4500
001 vtls012003246
003 SK-MaSNL
005 20260318114433.0
008 201113c2019 xo er|n || ||00 c0ukr
015 |a SNBRB2020/11 
038 |a SVKPOCL 
040 |a SVKPOCL  |b slo  |c SVKPOCL  |e rda 
041 0 |a ukr 
043 |a e-xo--- 
044 |a xo  |c SK 
072 7 |a 784  |x Vokálna hudba  |2 konspekt 
072 7 |a 78  |x Hudba  |2 konspekt 
072 7 |a 398  |x Folklór  |2 konspekt 
080 |a 316.022.4(=161.2)(=161.25)((437.6)  |2 2011 
080 |a 316.7  |2 2011 
080 |a 784.4  |2 2011 
080 |a 398.8  |2 2011 
080 |a (437.6)  |2 2011 
080 |a (437.672)  |2 2011 
080 |a 785.6  |2 2011 
100 1 |a -sd-  |4 aut  |9 962969 
245 1 0 |a Košyc'ke kazkove Rizdvo  |c [autor] -sd- 
300 |b Fotografie 
336 |a text  |b txt  |2 rdacontent 
337 |a bez média  |b n  |2 rdamedia 
338 |a zväzok  |b nc  |2 rdacarrier 
500 |a V rubrike Tradyciji 
600 1 7 |a Kormaník, Nikolas  |2 svkpocl  |9 1316620 
600 1 7 |a Kormaníková, Júlia  |2 svkpocl  |9 1316619 
600 1 7 |a Kormaníková, Monika  |2 svkpocl  |9 715112 
600 1 7 |a Garjanská, Ľudmila,  |d 1957-  |2 svkpocl  |9 1235811 
600 1 7 |a Wilnrotter, Norbert  |2 svkpocl  |9 1020893 
600 1 7 |a Wilnrotter, Henrich  |2 svkpocl  |9 1020892 
600 1 7 |a Pobehová, Mária  |2 SNKMA  |9 31417 
600 1 7 |a Dušík, Štefan  |2 svkpocl  |9 1624966 
610 2 7 |a Karpaty (spevácky zbor)  |2 svkpocl  |9 34392 
610 2 7 |a Kantus (komorný zbor : Užhorod, Ukrajina)  |2 svkpocl  |9 1624967 
610 2 7 |a Zväz Rusínov-Ukrajincov Slovenskej republiky.  |b Regionálna rada (Košice, Slovensko)  |2 SNKKA  |9 212402 
610 2 7 |a Feman (občianské združenie : Košice, Slovensko)  |2 svkpocl  |9 1334287 
610 2 7 |a Historická radnica (Košice, Slovensko)  |2 SNKKA  |9 52961 
611 2 7 |a Vianočné tradície národnostných menšín v Košiciach  |n (12. :  |d 2018 :  |c Košice, Slovensko)  |2 svkpocl  |9 1624968 
648 7 |a 15.12.2018  |2 svkpocl  |9 1247917 
650 0 7 |a rusínske piesne  |2 svkpocl  |9 327398 
650 0 7 |a ukrajinské piesne  |2 SNKPH  |9 3455 
650 0 7 |a zborový spev  |2 SNKPH  |9 3196 
650 0 7 |a Ukrajinci  |2 SNKPH  |9 19025 
650 0 7 |a ľudové piesne  |2 SNKPH  |9 1941 
650 0 7 |a Vianočné tradície národnostných menšín v Košiciach (koncert)  |2 svkpocl  |9 1577719 
650 0 7 |a kultúra  |2 SNKPH  |9 886 
650 0 7 |a koncerty  |2 SNKPH  |9 19182 
650 0 7 |a folklór  |2 SNKPH  |9 19213 
650 0 7 |a kultúrne podujatia  |2 SNKPH  |9 71676 
651 7 |a Košice (Slovensko)  |2 SNKPHgeo  |9 18694 
651 7 |a Slovensko  |2 SNKPHgeo  |9 14231 
773 0 |t Nove žyttja  |g Roč. 69, č. 1 (2019), s. 4 
852 |a SVKPO  |b KIS3GCP 
958 |a UK 
958 |a SK 
958 |a SS 
958 |a LX 
958 |a NM 
999 |c 3352001  |d 3353931